Krkonošský národní park a ekologické problémy rekreace 2 obsahová analýza výstrišků-empirická studie V 2B - 2.část

Salvato in:
Dettagli Bibliografici
Autore principale: Kabele, Jiří
Natura: Libro
Lingua:ceco
Pubblicazione: Praha Ústav pro výzkum kultury 1979
Tags: Aggiungi Tag
Nessun Tag, puoi essere il primo ad aggiungerne!!

MARC

LEADER 00000nam a2200000 4500
001 0222940
005 20240822101702.6
041 0 |a cze 
044 |a CZ 
245 1 0 |a Krkonošský národní park a ekologické problémy rekreace 2  |b obsahová analýza výstrišků-empirická studie V 2B - 2.část  |c Jiří Kabele 
264 1 |a Praha  |b Ústav pro výzkum kultury  |c 1979 
300 |a 62 s. 
100 1 |a Kabele, Jiří